Trees in towns: a survey of trees in 66 towns and villages in England; prepared by Land Use Consultants. (Record no. 95168)
[ view plain ]
| 000 -LEADER | |
|---|---|
| fixed length control field | 00955cam a2200253 4500 |
| 008 - FIXED-LENGTH DATA ELEMENTS--GENERAL INFORMATION | |
| fixed length control field | 090401t1993 xxu||||| |||| 00| 0 eng d |
| 020 ## - INTERNATIONAL STANDARD BOOK NUMBER | |
| International Standard Book Number | 0117528455 |
| 035 ## - SYSTEM CONTROL NUMBER | |
| System control number | (Sirsi) u69230 |
| 041 ## - LANGUAGE CODE | |
| Language code of text/sound track or separate title | eng |
| 050 ## - LIBRARY OF CONGRESS CALL NUMBER | |
| Classification number | 715.2 |
| 110 ## - MAIN ENTRY--CORPORATE NAME | |
| Corporate name or jurisdiction name as entry element | United Kingdom |
| Subordinate unit | Department of the Environment |
| 9 (RLIN) | 982 |
| 245 ## - TITLE STATEMENT | |
| Title | Trees in towns: a survey of trees in 66 towns and villages in England; prepared by Land Use Consultants. |
| 260 ## - PUBLICATION, DISTRIBUTION, ETC. | |
| Place of publication, distribution, etc. | London |
| Name of publisher, distributor, etc. | HMSO |
| Date of publication, distribution, etc. | 1993 |
| 300 ## - PHYSICAL DESCRIPTION | |
| Extent | 51p. : ill. ; 30cm. |
| 350 ## - PRICE (NR) (BK AM CF MU VM SE) [OBSOLETE] | |
| Price | 12 |
| 490 ## - SERIES STATEMENT | |
| Series statement | Research for Amenity Trees |
| Volume/sequential designation | 1 |
| 520 ## - SUMMARY, ETC. | |
| Summary, etc. | First of a new series of reports on amenity trees commissioned by the DoE, which investigates the character and distribution of trees in English towns and the role of local authorities and voluntary groups. |
| 650 ## - SUBJECT ADDED ENTRY--TOPICAL TERM | |
| Topical term or geographic name entry element | AMENITY TREES |
| 650 ## - SUBJECT ADDED ENTRY--TOPICAL TERM | |
| Topical term or geographic name entry element | TREES IN TOWNS |
| 690 ## - LOCAL SUBJECT ADDED ENTRY--TOPICAL TERM (OCLC, RLIN) | |
| Topical term or geographic name as entry element | ENVIRONMENTAL AND LAND CONSULTANCY |
| 710 ## - ADDED ENTRY--CORPORATE NAME | |
| Corporate name or jurisdiction name as entry element | Land Use Consultants |
| 9 (RLIN) | 3228 |
| 942 ## - ADDED ENTRY ELEMENTS (KOHA) | |
| Suppress in OPAC | 0 |
| 948 ## - LOCAL PROCESSING INFORMATION (OCLC); SERIES PART DESIGNATOR (RLIN) | |
| c (OCLC) | 04/03/1997 |
| Withdrawn status | Lost status | Source of classification or shelving scheme | Damaged status | Not for loan | Home library | Current library | Shelving location | Date acquired | Cost, normal purchase price | Total Checkouts | Full call number | Barcode | Date last seen | Copy number | Cost, replacement price | Price effective from | Koha item type |
|---|---|---|---|---|---|---|---|---|---|---|---|---|---|---|---|---|---|
| Dewey Decimal Classification | London | London | Folio | 20/12/1993 | 12.00 | F715.2 | 30040321 | 06/08/2019 | 2 | 12.00 | 06/08/2019 | Book |